Discurso del señor de Muller y de Abadal en la Escuela de administración de empresas
Publicado:
San Jorge, núm. 76 (4t trimestre 1969), pàg 70 - 71 :
MARC
| LEADER | 00000nam a2200000Ia 4500 | ||
|---|---|---|---|
| 008 | 160829s9999 xx 000 0 cat d | ||
| 110 | 1 | |9 54359 |a Barcelona (Catalunya : Província). |b President (1967-1973 : Muller) | |
| 245 | |a Discurso del señor de Muller y de Abadal en la Escuela de administración de empresas | ||
| 260 | |a San Jorge, núm. 76 (4t trimestre 1969), pàg 70 - 71 | ||
| 610 | 2 | 0 | |a Foment del Treball Nacional |9 54624 |
| 650 | 0 | |a Empreses |x Direcció i administració |9 10980 | |
| 650 | 0 | |a Discursos castellans |9 54360 | |
| 901 | |a Arxiu | ||
| 942 | |n 1 |2 udc | ||
| 952 | |0 0 |1 0 |4 0 |7 1 |9 49435 |a Arxiu |b Arxiu |d 2016-12-01 |l 0 |r 2016-12-01 00:00:00 |w 2016-12-01 |y ARXIU | ||
| 999 | |c 53277 |d 53277 | ||